| 000 | 006120000a22002050004500 | ||
|---|---|---|---|
| 001 | 285 | ||
| 003 | CO-MdFUSB | ||
| 005 | 20160824153057.0 | ||
| 008 | 160824b xxu||||| |||| 00| 0 eng d | ||
| 020 | _a84-7485-917-4 | ||
| 040 | _cCO-MdFUSB | ||
| 041 | 0 | _aSPA | |
| 082 | 0 | 4 | _aR 121.68 O78d |
| 245 | 0 | 0 |
_aDiccionario interdisciplinar de hermenéutica _c/ Andrés Ortiz-Osés, Patxi Lanceros, Directores |
| 250 | _a4 edición, revisada y ampliada | ||
| 264 |
_aBilbao, España : _bUniversidad de Deusto, _c2004 |
||
| 300 | _a627 Pag. | ||
| 650 | 1 | 4 | _aHERMENEUTICA \ ENCICLOPEDIAS Y DICCIONARIOS |
| 942 | _cBK | ||
| 999 |
_c31821 _d31821 |
||